Newnes short wave listening handbook /

Newnes Short Wave Listening Handbook is a guide for starting up in short wave listening (SWL). The book is comprised of 15 chapters that discuss the basics and fundamental concepts of short wave radio listening. The coverage of the text includes electrical principles; types of signals that can be he...

Full description

Bibliographic Details
Main Author: Pritchard, Joe (Author)
Corporate Author: ScienceDirect (Online service)
Format: eBook
Language:English
Published: Oxford : Heinemann Newnes, 1989.
Subjects:
Online Access:Connect to the full text of this electronic book

MARC

Tag First Indicator Second Indicator Subfields
LEADER 00000cam a2200000 i 4500
001 in00005755621
005 20260326205918.6
006 m o d
007 cr cnu---unuuu
008 140811s1989 enka obf 001 0 eng d
040 |a OPELS  |b eng  |e rda  |e pn  |c OPELS  |d N$T  |d YDXCP  |d E7B  |d OCLCQ  |d OCL  |d OCLCO  |d STF  |d VT2  |d OCLCF  |d VLY  |d CZL  |d OCLCO  |d COM  |d OCLCO  |d OCL  |d OCLCQ  |d OCLCO  |d OCLCL  |d OCLCA  |d OCLCL  |d OCLCA 
019 |a 896842505  |a 907075360  |a 1153028933  |a 1153640197 
020 |a 9781483104478  |q (electronic bk.) 
020 |a 1483104478  |q (electronic bk.) 
020 |a 0434915505 
020 |a 9780434915507 
020 |z 9780434915507 
035 |a (OCoLC)886403218  |z (OCoLC)896842505  |z (OCoLC)907075360  |z (OCoLC)1153028933  |z (OCoLC)1153640197 
050 4 |a TK9956 
072 7 |a TEC  |x 009070  |2 bisacsh 
082 0 4 |a 621.3841/51  |2 22 
049 |a TXAM 
100 1 |a Pritchard, Joe,  |e author. 
245 1 0 |a Newnes short wave listening handbook /  |c Joe Pritchard, G1UQW. 
264 1 |a Oxford :  |b Heinemann Newnes,  |c 1989. 
300 |a 1 online resource (vii, 276 pages) 
336 |a text  |b txt  |2 rdacontent 
337 |a computer  |b c  |2 rdamedia 
338 |a online resource  |b cr  |2 rdacarrier 
500 |a Includes index. 
588 0 |a Print version record. 
504 |a Includes bibliographical references and index. 
520 |a Newnes Short Wave Listening Handbook is a guide for starting up in short wave listening (SWL). The book is comprised of 15 chapters that discuss the basics and fundamental concepts of short wave radio listening. The coverage of the text includes electrical principles; types of signals that can be heard in the radio spectrum; and using computers in SWL. The book also covers SWL equipment, such as receivers, converters, and circuits. The text will be of great use to individuals who want to get into short wave listening. 
650 0 |a Amateur radio stations  |v Handbooks, manuals, etc. 
650 0 |a Radio  |x Equipment and supplies  |v Handbooks, manuals, etc. 
650 0 |a Shortwave radio  |x Transmitters and transmission. 
650 6 |a Radiodiffusion en ondes décamétriques  |x Émetteurs et transmission. 
650 6 |a Radio amateur  |v Guides, manuels, etc. 
650 6 |a Radio  |x Appareils et matériel  |v Guides, manuels, etc. 
650 7 |a TECHNOLOGY & ENGINEERING  |x Mechanical.  |2 bisacsh 
650 7 |a Shortwave radio  |x Transmitters and transmission  |2 fast 
650 7 |a Amateur radio stations  |2 fast 
650 7 |a Radio  |x Equipment and supplies  |2 fast 
650 7 |a Kurzwellenempfänger  |2 gnd 
650 7 |a DX  |2 gnd 
655 7 |a Electronic books.  |2 local 
655 2 |a Handbook 
655 7 |a handbooks.  |2 aat 
655 7 |a Handbooks and manuals  |2 fast 
655 7 |a Handbooks and manuals.  |2 lcgft 
655 7 |a Guides et manuels.  |2 rvmgf 
710 2 |a ScienceDirect (Online service) 
758 |i has work:  |a Newnes short wave listening handbook (Text)  |1 https://id.oclc.org/worldcat/entity/E39PCFtTvvqtgTFV3WF4tVQ7RC  |4 https://id.oclc.org/worldcat/ontology/hasWork 
776 0 8 |i Print version:  |a Pritchard, Joe.  |t Newnes short wave listening handbook  |z 0434915505  |w (OCoLC)18781404 
856 4 0 |u http://proxy.library.tamu.edu/login?url=https://www.sciencedirect.com/science/book/9780434915507  |z Connect to the full text of this electronic book  |t 0 
955 |a Elsevier ScienceDirect 2026-2027 
994 |a 92  |b TXA 
999 f f |i d88601ac-5ddd-44df-8ffc-cb566a7b2abc  |s f92f323a-5308-48da-9d63-20dce49a203a  |t 0 
952 f f |a Texas A&M University  |b College Station  |c Electronic Resources  |s www_evans  |d Available Online  |t 0  |e TK9956   |h Library of Congress classification 
998 f f |a TK9956   |t 0  |l Available Online